| 000 | 01113cab a2200349 4500 | ||
|---|---|---|---|
| 001 | ABS49576 | ||
| 008 | 090401t1993 xxu||||| |||| 00| 0 eng d | ||
| 035 | _a(Sirsi) u71847 | ||
| 041 | _aeng | ||
| 100 | _aHowarth, W. | ||
| 245 | _aFish farming - some recent legal developments | ||
| 260 | _c1993 | ||
| 350 | _a0 | ||
| 490 |
_aALA Bulletin _v(10) September 1993, 7-10(4) |
||
| 520 | _aDiscusses recent legislation which has affected fish farming and aims to bring it under the same legal controls affecting other types of agriculture. | ||
| 650 | _aCASE LAW | ||
| 650 | _aDIRECTIVE 91/67/EEC | ||
| 650 | _aEC DIRECTIVES | ||
| 650 | _aFISH FARMING | ||
| 650 | _aFISH HEALTH REGULATIONS 1992 | ||
| 650 | _aGENERAL DEVELOPMENT ORDER 1988 | ||
| 650 | _aHOUSE OF COMMONS AGRICULTURE COMMITTEE | ||
| 650 | _aNATIONAL RIVERS AUTHORITY | ||
| 650 | _aRIPARIAN RIGHTS | ||
| 650 | _aTOWN AND COUNTRY PLANNING ACT 1990 S336(1) | ||
| 650 | _aWATER QUALITY | ||
| 650 | _aWATER RESOURCES ACT 1991 | ||
| 690 | _aRURAL PRACTICE | ||
| 700 | _aMcGillivray, D. | ||
| 942 | _n0 | ||
| 948 | _c04/03/1997 | ||
| 999 |
_c45320 _d45320 |
||